Informe del Seminario Interamericano Conmemorativo de los 25 Años del BID / (Registro nro. 12091)
[ vista simple ]
| 000 -LEADER | |
|---|---|
| fixed length control field | 01334nam a2200253 a 4500 |
| 003 - CONTROL NUMBER IDENTIFIER | |
| control field | OSt |
| 005 - DATE AND TIME OF LATEST TRANSACTION | |
| control field | 20210802112634.0 |
| 008 - FIXED-LENGTH DATA ELEMENTS--GENERAL INFORMATION | |
| fixed length control field | 870724s1986 bl ac b i100 0 spa |
| 040 ## - CATALOGING SOURCE | |
| Original cataloging agency | DLC |
| Transcribing agency | CO-JMCR |
| Modifying agency | DLC |
| 082 04 - DEWEY DECIMAL CLASSIFICATION NUMBER | |
| Classification number | 332.15 / |
| Item number | S471i |
| Edition number | 23 |
| 111 2# - MAIN ENTRY--MEETING NAME | |
| Meeting name or jurisdiction name as entry element | Seminario Interamericano Conmemorativo de los 25 Años del BID |
| Date of meeting or treaty signing | (1985 : |
| Location of meeting | Rio de Janeiro, Brazil) |
| 9 (RLIN) | 38962 |
| 245 10 - TITLE STATEMENT | |
| Title | Informe del Seminario Interamericano Conmemorativo de los 25 Años del BID / |
| Statement of responsibility, etc. | Banco Interamericano de Desarrollo, Fundación Getúlio Vargas, Escuela Interamericana de Administración Pública. |
| 250 ## - EDITION STATEMENT | |
| Edition statement | 1a. edición. |
| 260 ## - PUBLICATION, DISTRIBUTION, ETC. | |
| Place of publication, distribution, etc. | Rio de Janeiro : |
| Name of publisher, distributor, etc. | FGV-Instituto de Documentación, Editora da Fundación Getulio Vargas, |
| Date of publication, distribution, etc. | 1986. |
| 300 ## - PHYSICAL DESCRIPTION | |
| Extent | 65 páginas : |
| Other physical details | ilustraciones y retrato en blanco y negro ; |
| Dimensions | 21 cm. |
| 505 ## - FORMATTED CONTENTS NOTE | |
| Formatted contents note | Resumen ejecutivo del Seminario. -- Conclusiones del seminario. -- Resolución. -- Discurso de inauguración del seminario. |
| 610 2# - SUBJECT ADDED ENTRY--CORPORATE NAME | |
| Corporate name or jurisdiction name as entry element | Banco Interamericano de Desarrollo |
| 9 (RLIN) | 6750 |
| 610 2# - SUBJECT ADDED ENTRY--CORPORATE NAME | |
| Corporate name or jurisdiction name as entry element | Fundación Getulio Vargas |
| 9 (RLIN) | 38963 |
| 610 2# - SUBJECT ADDED ENTRY--CORPORATE NAME | |
| Corporate name or jurisdiction name as entry element | Escuela Interamericana de Administración Pública |
| 9 (RLIN) | 38964 |
| 710 2# - ADDED ENTRY--CORPORATE NAME | |
| Corporate name or jurisdiction name as entry element | Inter-American Development Bank. |
| Relator term | coautor |
| 9 (RLIN) | 38965 |
| 710 2# - ADDED ENTRY--CORPORATE NAME | |
| Corporate name or jurisdiction name as entry element | Fundación Getúlio Vargas. |
| Relator term | coautor |
| 9 (RLIN) | 38966 |
| 710 2# - ADDED ENTRY--CORPORATE NAME | |
| Corporate name or jurisdiction name as entry element | Escola Interamericana de Administración Pública. |
| Relator term | coautor |
| 9 (RLIN) | 38967 |
| 942 ## - ADDED ENTRY ELEMENTS (KOHA) | |
| Source of classification or shelving scheme | Dewey Decimal Classification |
| Koha item type | Books |
| Withdrawn status | Lost status | Source of classification or shelving scheme | Damaged status | Not for loan | Home library | Current library | Shelving location | Date acquired | Source of acquisition | Full call number | Barcode | Date last seen | Copy number | Price effective from | Koha item type |
|---|---|---|---|---|---|---|---|---|---|---|---|---|---|---|---|
| Dewey Decimal Classification | Biblioteca Pública José María del Castillo y Rada | Biblioteca Pública José María del Castillo y Rada | General Stacks | 04/15/2018 | Donación | 332.15 / S471i | 430000564 | 05/16/2024 | Ej.1 | 03/10/2021 | Books |